U.S. States With The Lowest GDP Per Capita - Statistics

General Stats
  • This quiz has been taken 35 times
  • The average score is 8 of 10
Answer Stats
GDP Per Capita State % Correct
$61,846 Alabama
100%
$60,276 Arkansas
96%
$53,061 Mississippi
96%
$64,110 Kentucky
85%
$60,783 West Virginia
85%
$64,719 Oklahoma
78%
$66,229 New Mexico
70%
$63,711 South Carolina
70%
$63,991 Idaho
56%
$66,379 Montana
52%
No matching quizzes found
Score Distribution
Percent of People with Each Score
Percentile by Number Answered
Your Score History
You have not taken this quiz